Como escribir correctamente / Gastón Fernández de la Torriente (Registro nro. 452)

Detalles MARC
000 -LEADER
fixed length control field 00508nam a22001931a 4500
001 - CONTROL NUMBER
control field 452
003 - CONTROL NUMBER IDENTIFIER
control field OSt
005 - DATE AND TIME OF LATEST TRANSACTION
control field 20260204211653.0
008 - FIXED-LENGTH DATA ELEMENTS--GENERAL INFORMATION
fixed length control field 031127s2000||||ck ||||||b||||||||||spa||
020 ## - NUMERO DE LIBRO INTERNACIONAL NORMALIZADO
International Standard Book Number 9580427070
082 ## - DEWEY DECIMAL CLASSIFICATION NUMBER
Classification number 302.2244 F39c
100 ## - ASIENTO PRINCIPAL -- NOMBRE PERSONAL
Personal name Fernandez de la Torriente, Gastón
245 ## - TÍTULO PROPIAMENTE DICHO: SUBTÍTULO
Title Como escribir correctamente / Gastón Fernández de la Torriente
264 ## - PRODUCTION, PUBLICATION, DISTRIBUTION, MANUFACTURE, AND COPYRIGHT NOTICE
Place of production, publication, distribution, manufacture Colombia : Norma
300 ## - PHYSICAL DESCRIPTION
Extensión 157 p.
500 ## - GENERAL NOTE
General note Incluye indice
650 ## - ASIENTO SECUNDARIO DE MATERIA -- TERMINO TEMÁTICO
Termino Temático Como Elemento de Entrada 1.Comunicación EscritaÌ
942 ## - ADDED ENTRY ELEMENTS (KOHA)
Source of classification or shelving scheme Dewey Decimal Classification
Koha item type Libros
Existencias
Withdrawn status Lost status Source of classification or shelving scheme Damaged status Not for loan Current library Date acquired Total Checkouts Full call number Barcode Date last seen Price effective from Koha item type
    Dewey Decimal Classification     Biblioteca UTECO 09/09/2019   302.2244 F39C 001876 09/09/2019 09/09/2019 Libros
    Dewey Decimal Classification     Biblioteca UTECO 09/09/2019   302.2244 F39C 001877 09/09/2019 09/09/2019 Libros
© 2021 Derechos Reservados UTECO - Teléfono: +1 809-585-2291 - Correo electrónico: biblioteca@uteco.edu.do​  
Código postal 43000 ​​
Dirección: Avenida Universitaria No. 100, 
Cotuí, Provincia Sánchez Ramírez, República Dominicana - RNC: 404-00059-6